Developing an Army strategy for building partner capacity for stability operations (Record no. 142679)
[ view plain ]
| 000 -LEADER | |
|---|---|
| fixed length control field | 01443nam a2200349 a 4500 |
| 082 04 - DEWEY DECIMAL CLASSIFICATION NUMBER | |
| Classification number | 355.4 |
| 245 00 - TITLE STATEMENT | |
| Title | Developing an Army strategy for building partner capacity for stability operations |
| 260 ## - PUBLICATION, DISTRIBUTION, ETC. (IMPRINT) | |
| Place of publication | Santa Monica, CA : |
| Name of publisher | RAND Arroyo Center, |
| Year of publication | c2010. |
| 300 ## - PHYSICAL DESCRIPTION | |
| Number of Pages | xxix, 234 p. : |
| Other physical details | ill. |
| 490 1# - SERIES STATEMENT | |
| Series statement | Rand Corporation monograph series |
| 500 ## - GENERAL NOTE | |
| General note | "Prepared for the United States Army." |
| 650 #0 - SUBJECT ADDED ENTRY--TOPICAL TERM | |
| Topical Term | Integrated operations (Military science) |
| 700 1# - ADDED ENTRY--PERSONAL NAME | |
| Personal name | Marquis, Jefferson P. |
| 856 40 - ELECTRONIC LOCATION AND ACCESS | |
| Uniform Resource Identifier | http://site.ebrary.com/lib/rucke/Doc?id=10425068 |
No items available.
